Antecedents of the International Labour Organization.

Bibliographic Details
Main Author: Follows, John William, 1908-
Format: Book
Language:English
Published: Oxford : Clarendon Press, 1951.
Subjects:

MARC

Tag First Indicator Second Indicator Subfields
LEADER 00000cam a2200000 4500
001 in00000073358
005 20151008052529.0
008 761202s1951 enk b 00000 eng
010 |a  51014647  
035 |a (OCoLC)02590176 
035 |9 AAH3755AM 
040 |a DLC  |c ISL  |d TXA  |d UtOrBLW 
049 |a TXAM  |c [225623] 
050 0 0 |a HD7809  |b .F6 1951 
082 0 |a 331.0621 
092 |a 331.0621  |b F668a 
100 1 |a Follows, John William,  |d 1908- 
245 1 0 |a Antecedents of the International Labour Organization. 
264 1 |a Oxford :  |b Clarendon Press,  |c 1951. 
300 |a x, 234 pages ;  |c 28 cm. 
336 |a text  |b txt  |2 rdacontent 
337 |a unmediated  |b n  |2 rdamedia 
338 |a volume  |b nc  |2 rdacarrier 
504 |a Bibliography: pages [216]-227. 
610 2 0 |a International Labour Organisation. 
650 0 |a Labor laws and legislation, International. 
999 |a MARS 
999 f f |s b746e87e-c7df-326a-b77f-ed4942633259  |i 1ebd5e3a-77e5-324e-aa71-63678d804e8d  |t 0 
952 f f |p ric  |a Texas A&M University  |b Rellis Campus  |c Joint Library Facility  |d Remote Storage  |t 0  |e HD7809 .F6 1951  |h Library of Congress classification  |i unmediated -- volume  |m A14800712824 
998 f f |a HD7809 .F6 1951  |t 0  |l Remote Storage